[Event "4NCL Online Division 5"]
[Site "online"]
[Date "2020.09.22"]
[Round "3.61"]
[White "Barry, Brendan"]
[Black "Bajpayee, Yayin"]
[Result "1-0"]
[WhiteElo "1315"]
[BlackElo "1225"]
[PlyCount "129"]
[EventDate "2020.09.22"]
[WhiteTeam "Hatch End B"]
[BlackTeam "Watford Juniors B"]

1. e4 e5 2. Nf3 Nc6 3. Bc4 h6 4. h3 Nf6 5. O-O Bc5 6. Nc3 O-O 7. a3 a6 8. b4
Ba7 9. d4 exd4 10. Nxd4 Nxd4 11. e5 Nh7 12. Be3 Nc6 13. Re1 Re8 14. f4 Bxe3+
15. Rxe3 b5 16. Bd5 Bb7 17. Qh5 Qe7 18. Rae1 Nd8 19. Bxb7 Nxb7 20. f5 Qg5 21.
Qxg5 Nxg5 22. Nd5 Rac8 23. f6 g6 24. Ne7+ Kh7 25. Nxc8 Rxc8 26. h4 Ne6 27. Rd1
Rd8 28. c4 c6 29. g4 Nf4 30. Rf1 Ne6 31. cxb5 cxb5 32. a4 Ra8 33. Rd3 Rd8 34.
axb5 axb5 35. Ra1 Nc7 36. Ra7 Rb8 37. Rxd7 Nc5 38. Raxc7 Rg8 39. bxc5 Rf8 40.
Rxf7+ Kg8 41. Rxf8+ Kxf8 42. f7 g5 43. e6 b4 44. Rc8+ Ke7 45. Rb8 Kxe6 46. f8=Q
b3 47. Rxb3 gxh4 48. Re3+ Kd5 49. Qd6+ Kc4 50. Qd3+ Kb4 51. Qc3+ Kb5 52. c6 Kb6
53. c7 Kb5 54. Re6 h3 55. Qd3+ Kb4 56. Qd5 h2+ 57. Kh1 h5 58. Re4+ Kc3 59. Qd4+
Kc2 60. Rf4 hxg4 61. Rf2+ Kb3 62. Qxg4 Kc3 63. Rf3+ Kd2 64. Qg2+ Ke1 65. Rf1#
1-0

[Event "4NCL Online Division 5"]
[Site "online"]
[Date "2020.09.22"]
[Round "3.62"]
[White "Holland, Nicolas"]
[Black "Shah, Ashok"]
[Result "1-0"]
[WhiteElo "1150"]
[BlackElo "1210"]
[PlyCount "91"]
[EventDate "2020.09.22"]
[WhiteTeam "Watford Juniors B"]
[BlackTeam "Hatch End B"]

1. e4 e5 2. Nf3 Nc6 3. Bc4 Nf6 4. O-O d5 5. exd5 Nxd5 6. Nc3 Be6 7. d4 Bg4 8.
Bxd5 Nxd4 9. Be3 Bc5 10. h3 Bxf3 11. Bxf3 Qf6 12. Nd5 Nxf3+ 13. gxf3 Qg6+ 14.
Kh1 O-O-O 15. Bxc5 Rd7 16. Re1 Rhd8 17. Rxe5 Qh6 18. Kh2 Qh4 19. c4 Qxf2+ 20.
Bxf2 f6 21. Rf5 c6 22. Rc1 b5 23. Ne7+ Rxe7 24. Bxa7 Rxd1 25. Rxd1 Re2+ 26. Kg3
Rxb2 27. cxb5 Rxa2 28. Bd4 Ra5 29. Ra1 Rxb5 30. Rxb5 cxb5 31. Ra7 b4 32. Rxg7
h5 33. Kh4 b3 34. Kxh5 Kd8 35. Rb7 f5 36. Rxb3 Kd7 37. Rb6 Ke7 38. Rg6 Kf7 39.
Kg5 f4 40. h4 Ke8 41. h5 Kf8 42. h6 Kf7 43. h7 Kf8 44. h8=R+ Ke7 45. Rh7+ Kd8
46. Rg8# 1-0

[Event "4NCL Online Division 5"]
[Site "online"]
[Date "2020.09.22"]
[Round "3.63"]
[White "Scales, Barry"]
[Black "Shah, Prem C"]
[Result "0-1"]
[WhiteElo "1142"]
[BlackElo "1037"]
[PlyCount "82"]
[EventDate "2020.09.22"]
[WhiteTeam "Hatch End B"]
[BlackTeam "Watford Juniors B"]

1. e4 c6 2. d4 d5 3. e5 Bf5 4. Nc3 e6 5. Nf3 Bb4 6. Bd2 c5 7. Bb5+ Nc6 8. dxc5
Bxc5 9. Na4 Bb6 10. Bc3 Nge7 11. Bd4 O-O 12. O-O Bxd4 13. Bxc6 Nxc6 14. Nxd4
Nxd4 15. Qxd4 Bxc2 16. Nc3 Qg5 17. Rac1 Bf5 18. g3 Bh3 19. Rfe1 Qh5 20. Qh4
Qxh4 21. gxh4 Rac8 22. Nb5 Rxc1 23. Rxc1 a6 24. Nd4 f6 25. Nxe6 Bxe6 26. a3
fxe5 27. b4 b5 28. Rc6 Bc8 29. Rc5 Rd8 30. f3 d4 31. Kf2 d3 32. Ke1 d2+ 33. Kd1
Bf5 34. Rxe5 Bc2+ 35. Ke2 d1=Q+ 36. Kf2 Qd2+ 37. Kg3 Qe1+ 38. Kg4 Qg1+ 39. Kf4
Rf8+ 40. Rf5 Qd4+ 41. Kg5 Rxf5# 0-1

[Event "4NCL Online Division 5"]
[Site "online"]
[Date "2020.09.22"]
[Round "3.71"]
[White "Huhn, Robert M"]
[Black "Green, Tom D A"]
[Result "0-1"]
[WhiteElo "1442"]
[BlackElo "1873"]
[PlyCount "48"]
[EventDate "2020.09.22"]
[WhiteTeam "Broken Herts"]
[BlackTeam "Manchester Manticores 2"]

1. c4 Nf6 2. Nc3 Nc6 3. g3 e5 4. Nf3 Bc5 5. d3 O-O 6. Bg2 d6 7. O-O Be6 8. a3
h6 9. b4 Bd4 10. Bb2 Bxc3 11. Bxc3 Qd7 12. b5 Ne7 13. Nd2 Nh7 14. Bxb7 Rae8 15.
Bg2 f5 16. e3 f4 17. exf4 exf4 18. Re1 Ng5 19. Nf3 Bg4 20. h3 Bxf3 21. Bxf3
fxg3 22. Bg4 gxf2+ 23. Kg2 fxe1=Q 24. Bxd7 Rf2+ 0-1

[Event "4NCL Online Division 5"]
[Site "online"]
[Date "2020.09.22"]
[Round "3.72"]
[White "Lonsdale, Jon I"]
[Black "Williams, Graham"]
[Result "1-0"]
[WhiteElo "1922"]
[BlackElo "1450"]
[PlyCount "33"]
[EventDate "2020.09.22"]
[WhiteTeam "Manchester Manticores 2"]
[BlackTeam "Broken Herts"]

1. e4 e5 2. Nf3 Nc6 3. Bb5 a6 4. Ba4 d6 5. Bxc6+ bxc6 6. d4 exd4 7. Qxd4 Qf6 8.
Nc3 Qxd4 9. Nxd4 Bd7 10. Bf4 g6 11. O-O-O Bh6 12. Bxh6 Nxh6 13. Rhe1 O-O 14. f3
c5 15. Nde2 f6 16. Nf4 Rfe8 17. Nfd5 1-0

[Event "4NCL Online Division 5"]
[Site "online"]
[Date "2020.09.22"]
[Round "3.73"]
[White "Wrzesinski, Roman"]
[Black "Sheppard, Daniel C"]
[Result "1-0"]
[WhiteElo "1187"]
[BlackElo "1832"]
[PlyCount "24"]
[EventDate "2020.09.22"]
[WhiteTeam "Broken Herts"]
[BlackTeam "Manchester Manticores 2"]

1. e4 c5 2. Nf3 Nc6 3. d4 cxd4 4. Nxd4 Nf6 5. Nxc6 bxc6 6. Nc3 h5 7. Bg5 Qb6 8.
Bxf6 gxf6 9. Rb1 h4 10. h3 Qc5 11. Be2 Rg8 12. Bg4 Ba6 1-0

[Event "4NCL Online Division 5"]
[Site "online"]
[Date "2020.09.22"]
[Round "3.74"]
[White "Potter, Steven"]
[Black "Shergill, Ranjit"]
[Result "1-0"]
[WhiteElo "1832"]
[BlackElo "1037"]
[PlyCount "91"]
[EventDate "2020.09.22"]
[WhiteTeam "Manchester Manticores 2"]
[BlackTeam "Broken Herts"]

1. d4 f6 2. e4 g6 3. Bd3 Bg7 4. c3 Nh6 5. Be3 O-O 6. Nf3 Qe8 7. O-O Qf7 8. Nbd2
d6 9. Bc4 Be6 10. d5 Bg4 11. Qb3 b6 12. Nd4 Qe8 13. a4 Nf7 14. a5 Nd7 15. Ne6
Nc5 16. Bxc5 dxc5 17. Nxc7 Qc8 18. Nxa8 Qxa8 19. axb6 Bc8 20. d6 e6 21. Rxa7
Qc6 22. b7 Bxb7 23. Qxb7 Qxb7 24. Rxb7 Nxd6 25. Bxe6+ Kh8 26. Rd7 Nb5 27. Ra1
h6 28. Bc4 Rb8 29. Bxb5 Rxb5 30. Ra8+ Kh7 31. Raa7 Rxb2 32. Nf1 Kg8 33. Rxg7+
Kf8 34. Rgb7 Rxb7 35. Rxb7 Ke8 36. f4 g5 37. fxg5 hxg5 38. Ne3 Kd8 39. Kf2 Kc8
40. Rf7 Kd8 41. Kg3 Ke8 42. Ra7 Kf8 43. Kg4 Kg8 44. Kf5 Kh8 45. Kg6 Kg8 46.
Ra8# 1-0

[Event "4NCL Online Division 5"]
[Site "online"]
[Date "2020.09.22"]
[Round "3.81"]
[White "Dhemrait, Surjit S"]
[Black "Stoica, Savas Marin"]
[Result "0-1"]
[WhiteElo "1518"]
[BlackElo "2042"]
[PlyCount "70"]
[EventDate "2020.09.22"]
[WhiteTeam "Harrow 4"]
[BlackTeam "Barnet Knights A"]

1. e4 c5 2. f4 Nc6 3. Nf3 g6 4. Bc4 Bg7 5. c3 e6 6. O-O Nge7 7. d3 O-O 8. Qe1
d5 9. exd5 exd5 10. Bb3 d4 11. Bc2 Nf5 12. Nbd2 Ne3 13. Bb3 Nxf1 14. Qxf1 dxc3
15. bxc3 Bxc3 16. Rb1 Bf5 17. Ne4 Bd4+ 18. Kh1 Qe7 19. Ba3 Bxe4 20. dxe4 Qxe4
21. Ng5 Qf5 22. Re1 h6 23. Ne4 Rae8 24. Qf3 Bc3 25. Qxc3 Rxe4 26. Rxe4 Qxe4 27.
h3 b6 28. Qf6 Nd4 29. Bb2 Qf5 30. Bxd4 cxd4 31. Qxd4 Re8 32. Qd6 Re4 33. Qd2
Qxf4 34. Qc3 Re3 35. Qd2 Rxh3+ 0-1

[Event "4NCL Online Division 5"]
[Site "online"]
[Date "2020.09.22"]
[Round "3.82"]
[White "Rasalingam, Haran"]
[Black "Dilukshan, Manoharan"]
[Result "1-0"]
[WhiteElo "2065"]
[BlackElo "1480"]
[PlyCount "47"]
[EventDate "2020.09.22"]
[WhiteTeam "Barnet Knights A"]
[BlackTeam "Harrow 4"]

1. e4 e5 2. f4 Nc6 3. Nf3 exf4 4. d4 Nf6 5. Nc3 Bb4 6. Bd3 Bxc3+ 7. bxc3 O-O 8.
Bxf4 Re8 9. e5 Nd5 10. Qd2 Qf6 11. Bg5 Qe6 12. O-O h6 13. Bh4 d6 14. c4 Ndb4
15. d5 Qg4 16. dxc6 Nxd3 17. cxd3 dxe5 18. Rae1 Bf5 19. h3 Qg6 20. Nxe5 Rxe5
21. Rxe5 Bxh3 22. cxb7 Rd8 23. Bxd8 Qxg2+ 24. Qxg2 1-0

[Event "4NCL Online Division 5"]
[Site "online"]
[Date "2020.09.22"]
[Round "3.83"]
[White "Nettleton, Robin"]
[Black "Covey, Jason"]
[Result "0-1"]
[WhiteElo "1335"]
[BlackElo "1990"]
[PlyCount "78"]
[EventDate "2020.09.22"]
[WhiteTeam "Harrow 4"]
[BlackTeam "Barnet Knights A"]

1. d4 e6 2. Bf4 Nf6 3. e3 b6 4. Be2 Bb7 5. Bf3 d5 6. c3 Nbd7 7. Be2 c5 8. Nf3
Be7 9. Qc2 Rc8 10. Nbd2 Nh5 11. Ne5 Nxf4 12. exf4 O-O 13. Ndf3 Bf6 14. Qa4 Nxe5
15. fxe5 Be7 16. Ba6 Bxa6 17. Qxa6 cxd4 18. Nxd4 Qd7 19. Qb5 Qc7 20. O-O Qxe5
21. Nc6 Qc7 22. Nxe7+ Qxe7 23. a4 Rc5 24. Qd3 Rfc8 25. Rac1 Qf6 26. Rc2 Rc4 27.
Ra1 d4 28. a5 dxc3 29. bxc3 Rxc3 30. Rxc3 Rxc3 31. Qd6 Rc8 32. Rd1 bxa5 33. Qd7
Ra8 34. Qb7 Rd8 35. Rxd8+ Qxd8 36. Qb1 g6 37. g3 h5 38. Qe4 Qd1+ 39. Kg2 Qd5
0-1

[Event "4NCL Online Division 5"]
[Site "online"]
[Date "2020.09.22"]
[Round "3.84"]
[White "Kesterson, Kennan"]
[Black "Walker, David J R"]
[Result "1-0"]
[WhiteElo "1982"]
[BlackElo "1240"]
[PlyCount "87"]
[EventDate "2020.09.22"]
[WhiteTeam "Barnet Knights A"]
[BlackTeam "Harrow 4"]

1. e4 c5 2. Nc3 d6 3. g3 Nf6 4. Bg2 e6 5. Nge2 Be7 6. d4 cxd4 7. Nxd4 O-O 8.
O-O Re8 9. Be3 Nbd7 10. Ndb5 Nb6 11. Qe2 a6 12. Nd4 e5 13. Nb3 Be6 14. Bxb6
Qxb6 15. Rad1 Bg4 16. Bf3 Bxf3 17. Qxf3 Rac8 18. Qe2 Red8 19. Nd5 Nxd5 20. Rxd5
Qc6 21. c3 Qc4 22. Qxc4 Rxc4 23. f3 b6 24. Rfd1 Rc6 25. Nd2 Bg5 26. Nf1 h5 27.
h4 Be7 28. Ne3 g6 29. R5d3 Rd7 30. Nd5 Bd8 31. Nb4 Rc8 32. Nxa6 Ra8 33. Nb4 Bc7
34. a3 b5 35. Nd5 Bd8 36. Nb4 Kg7 37. Rxd6 Bb6+ 38. Kg2 Rad8 39. Rxd7 Rf8 40.
Rb7 Bd8 41. Rdd7 Kg8 42. Rb8 Bf6 43. Rxf8+ Kxf8 44. Rb7 1-0

[Event "4NCL Online Division 5"]
[Site "online"]
[Date "2020.09.22"]
[Round "3.91"]
[White "Karthikeyan, Pranav"]
[Black "Freund, Michael P"]
[Result "0-1"]
[WhiteElo "700"]
[BlackElo "1770"]
[PlyCount "74"]
[EventDate "2020.09.22"]
[WhiteTeam "BCC Foxes"]
[BlackTeam "Sheffield Deaf"]

1. e4 e6 2. d4 d5 3. Nd2 dxe4 4. Nxe4 Nd7 5. Bf4 Ngf6 6. Bd3 Nxe4 7. Bxe4 Bd6
8. Bg3 O-O 9. Nf3 Nf6 10. Bh4 Be7 11. Bxf6 Bxf6 12. g4 c5 13. c3 cxd4 14. cxd4
Qa5+ 15. Kf1 Rd8 16. h4 Bxd4 17. Nxd4 e5 18. g5 Rxd4 19. Qf3 Qb5+ 20. Kg2 Rb8
21. b3 Be6 22. h5 Rxe4 23. Rac1 Rf4 24. Qe3 Bd5+ 25. Kg3 Bxh1 26. Qxa7 Qd3+ 27.
Kh2 Rh4+ 28. Kg1 Rd8 29. Rf1 Bc6 30. f3 Bxf3 31. Rxf3 Qxf3 32. Qxb7 Rg4+ 33.
Kh2 Qxb7 34. g6 fxg6 35. a4 Qf3 36. h6 Rg2+ 37. Kh1 Qf1# 0-1

[Event "4NCL Online Division 5"]
[Site "online"]
[Date "2020.09.22"]
[Round "3.92"]
[White "Gibson, Stephen"]
[Black "Tran, Le Gia Khuong"]
[Result "1-0"]
[WhiteElo "1502"]
[BlackElo "700"]
[PlyCount "54"]
[EventDate "2020.09.22"]
[WhiteTeam "Sheffield Deaf"]
[BlackTeam "BCC Foxes"]

1. e4 e5 2. f4 exf4 3. Nf3 Nf6 4. Nc3 Bc5 5. d4 Bb4 6. Bd3 Nc6 7. Bxf4 Bxc3+ 8.
bxc3 Qe7 9. O-O O-O 10. e5 Nd5 11. Bd2 Qa3 12. Qe1 f5 13. Bc4 Nce7 14. Nh4 Qa5
15. Qg3 g6 16. Qg5 Re8 17. Nxf5 Nxf5 18. Rxf5 c6 19. Raf1 d6 20. Rf6 dxe5 21.
Rxg6+ hxg6 22. Qxg6+ Kh8 23. Qxe8+ Kg7 24. Qf7+ Kh8 25. Bh6 Qc7 26. Qf8+ Kh7
27. Bd3+ e4 1-0

[Event "4NCL Online Division 5"]
[Site "online"]
[Date "2020.09.22"]
[Round "3.93"]
[White "Panunzio, Jacopo"]
[Black "Cooper, Howard"]
[Result "1/2-1/2"]
[WhiteElo "700"]
[BlackElo "1375"]
[PlyCount "43"]
[EventDate "2020.09.22"]
[WhiteTeam "BCC Foxes"]
[BlackTeam "Sheffield Deaf"]

1. Nf3 e6 2. Nc3 d5 3. d4 Bd6 4. Bd2 Nc6 5. e3 a6 6. Bd3 Nb4 7. a3 Nxd3+ 8.
cxd3 Bd7 9. O-O Nf6 10. e4 dxe4 11. dxe4 Nh5 12. Bg5 f6 13. Be3 Bf4 14. Bxf4
Nxf4 15. Qc1 Ng6 16. e5 fxe5 17. dxe5 Qe7 18. Qg5 Bb5 19. Qxe7+ Nxe7 20. Rfe1
Bc6 21. a4 O-O-O 22. Ng5 1/2-1/2

[Event "4NCL Online Division 5"]
[Site "online"]
[Date "2020.09.22"]
[Round "3.94"]
[White "Cooper, Darci"]
[Black "Wang, Mark"]
[Result "1-0"]
[WhiteElo "1300"]
[BlackElo "700"]
[PlyCount "73"]
[EventDate "2020.09.22"]
[WhiteTeam "Sheffield Deaf"]
[BlackTeam "BCC Foxes"]

1. e4 e5 2. d4 exd4 3. Nf3 Nf6 4. Bd3 Nc6 5. O-O Bc5 6. c3 dxc3 7. bxc3 d6 8.
Qa4 Bd7 9. Qb3 O-O 10. Bc4 Bg4 11. Bxf7+ Rxf7 12. Nbd2 a6 13. Ng5 d5 14. Nxf7
Kxf7 15. exd5 Nxd5 16. Qxb7 Bd7 17. Qb3 Nce7 18. Ne4 Bb5 19. Rd1 Bd6 20. Ng5+
Ke8 21. Ne6 Qd7 22. Nxg7+ Kd8 23. c4 Qg4 24. cxd5 Qxg7 25. Bb2 Qg6 26. Qc3 Qh6
27. h3 Kd7 28. Bc1 Qf8 29. Qd4 Ng6 30. Qg4+ Kd8 31. Bg5+ Be7 32. d6 Bxg5 33.
dxc7+ Kxc7 34. Qxg5 Be2 35. Rac1+ Kb7 36. Qa5 Bxd1 37. Qc7# 1-0

[Event "4NCL Online Division 5"]
[Site "online"]
[Date "2020.09.22"]
[Round "3.101"]
[White "Moxley, Stephen"]
[Black "Bamania, Prayaan"]
[Result "1-0"]
[WhiteElo "1697"]
[BlackElo "700"]
[PlyCount "27"]
[EventDate "2020.09.22"]
[WhiteTeam "Warley and Quinborne"]
[BlackTeam "Watford Juniors C"]

1. e4 e5 2. Nc3 Bc5 3. Bc4 Nf6 4. d3 O-O 5. f4 d6 6. f5 Bd7 7. Bg5 h6 8. Bh4
Nc6 9. a3 a6 10. Nd5 Qb8 11. Nxf6+ gxf6 12. Bxf6 Qa7 13. Qg4+ Kh7 14. Qg7# 1-0

[Event "4NCL Online Division 5"]
[Site "online"]
[Date "2020.09.22"]
[Round "3.102"]
[White "Sriram, Gautam"]
[Black "Lewis, John B"]
[Result "0-1"]
[WhiteElo "700"]
[BlackElo "1487"]
[PlyCount "54"]
[EventDate "2020.09.22"]
[WhiteTeam "Watford Juniors C"]
[BlackTeam "Warley and Quinborne"]

1. e4 e5 2. Nf3 Nc6 3. Bb5 a6 4. Bxc6 dxc6 5. Nxe5 Qd4 6. Nf3 Qxe4+ 7. Qe2
Qxe2+ 8. Kxe2 Bg4 9. h3 Bxf3+ 10. gxf3 O-O-O 11. d3 Re8+ 12. Kf1 g6 13. Bd2 Bg7
14. Nc3 Nf6 15. Rd1 Re6 16. a4 Rhe8 17. Ra1 Nd5 18. Nxd5 cxd5 19. Bf4 Bxb2 20.
Ra2 Be5 21. Bxe5 Rxe5 22. Ra3 Re2 23. Kg2 Rxc2 24. Rd1 Ree2 25. d4 Rxf2+ 26.
Kg3 g5 27. Re3 Rg2# 0-1

[Event "4NCL Online Division 5"]
[Site "online"]
[Date "2020.09.22"]
[Round "3.103"]
[White "Berry, Steve"]
[Black "Balakrishnan, Akshata"]
[Result "1-0"]
[WhiteElo "1472"]
[BlackElo "700"]
[PlyCount "29"]
[EventDate "2020.09.22"]
[WhiteTeam "Warley and Quinborne"]
[BlackTeam "Watford Juniors C"]

1. e4 e5 2. Nf3 Nf6 3. Nc3 Nc6 4. Bc4 Bc5 5. O-O O-O 6. a3 Na5 7. Ba2 c6 8. b4
Bd4 9. bxa5 Qxa5 10. Bb2 Qb6 11. Rb1 Ng4 12. Nxd4 exd4 13. Qxg4 dxc3 14. Bxc3
Qc5 15. Qxg7# 1-0

[Event "4NCL Online Division 5"]
[Site "online"]
[Date "2020.09.22"]
[Round "3.104"]
[White "Naren, Riyanna"]
[Black "Woodward, Pauline"]
[Result "0-1"]
[WhiteElo "700"]
[BlackElo "1255"]
[PlyCount "36"]
[EventDate "2020.09.22"]
[WhiteTeam "Watford Juniors C"]
[BlackTeam "Warley and Quinborne"]

1. e4 d6 2. Nf3 Nf6 3. h4 g6 4. Nh2 Bg7 5. e5 dxe5 6. c3 O-O 7. Be2 Nc6 8. O-O
b6 9. d4 exd4 10. cxd4 Nxd4 11. Qxd4 Qxd4 12. Nd2 Ne4 13. Rd1 Qe5 14. b3 Bf5
15. Rb1 Rad8 16. Bb2 Qf4 17. g3 Qxf2+ 18. Kh1 Nxg3# 0-1

[Event "4NCL Online Division 5"]
[Site "online"]
[Date "2020.09.22"]
[Round "3.111"]
[White "Gemmell, Adam"]
[Black "Buckley, Colm"]
[Result "1-0"]
[WhiteElo "1382"]
[BlackElo "2012"]
[PlyCount "91"]
[EventDate "2020.09.22"]
[WhiteTeam "St Albans 3"]
[BlackTeam "Spirit of Atticus B"]

1. e4 e6 2. d4 d5 3. exd5 exd5 4. Bd3 Bd6 5. c3 c6 6. Nf3 Ne7 7. Bg5 f6 8. Bh4
Bf5 9. O-O O-O 10. Re1 Qd7 11. Bg3 Bxg3 12. hxg3 Re8 13. Nh4 Bxd3 14. Qxd3 Na6
15. Nd2 Nc7 16. Nb3 b6 17. Re3 Rad8 18. Rae1 Nc8 19. Na1 Nd6 20. Nc2 Rxe3 21.
Rxe3 Nc4 22. Re1 Nxb2 23. Qf3 Nc4 24. Nf5 Ne6 25. Qg4 Re8 26. Nb4 Nd6 27. Nd3
Nxf5 28. Qxf5 Nf8 29. Qf4 Rxe1+ 30. Nxe1 Ne6 31. Qb8+ Kf7 32. Nf3 c5 33. Kh2 h6
34. Kg1 cxd4 35. cxd4 b5 36. Kh2 a6 37. Qa8 Nc7 38. Qb7 a5 39. Ne1 Ke7 40. Nd3
Ne6 41. Qb6 a4 42. Nb4 Kf7 43. Nc6 Nc7 44. Qc5 Kg6 45. Qb6 h5 46. Ne5+ 1-0

[Event "4NCL Online Division 5"]
[Site "online"]
[Date "2020.09.22"]
[Round "3.112"]
[White "Hall, John"]
[Black "Deland, Stephen"]
[Result "1-0"]
[WhiteElo "1979"]
[BlackElo "1420"]
[PlyCount "73"]
[EventDate "2020.09.22"]
[WhiteTeam "Spirit of Atticus B"]
[BlackTeam "St Albans 3"]

1. e4 d5 2. exd5 Nf6 3. Nc3 Nxd5 4. Bc4 Nb6 5. Bb3 e5 6. Nf3 Nc6 7. O-O Bg4 8.
h3 Bh5 9. Re1 f6 10. g4 Bg6 11. d4 Nd7 12. Ba4 Bd6 13. dxe5 Ndxe5 14. Nd4 O-O
15. Nxc6 Nxc6 16. Be3 Kh8 17. f4 f5 18. g5 a6 19. Qf3 Qd7 20. Rad1 b5 21. Nxb5
axb5 22. Bxb5 Be8 23. a4 Ra5 24. c4 Rxb5 25. axb5 Na5 26. c5 Qxb5 27. cxd6 Bc6
28. Qf2 cxd6 29. Rxd6 Nc4 30. Rxc6 Qxc6 31. Bd4 Nd6 32. Re7 Ne4 33. Rxg7 Nxf2
34. Rg6+ Rf6 35. Bxf6+ Qxf6 36. Rxf6 Kg7 37. Kxf2 1-0

[Event "4NCL Online Division 5"]
[Site "online"]
[Date "2020.09.22"]
[Round "3.113"]
[White "Cowan, James"]
[Black "McLean, Ian"]
[Result "0-1"]
[WhiteElo "1375"]
[BlackElo "2012"]
[PlyCount "73"]
[EventDate "2020.09.22"]
[WhiteTeam "St Albans 3"]
[BlackTeam "Spirit of Atticus B"]

1. d4 Nf6 2. c3 g6 3. c4 Bg7 4. Nf3 O-O 5. Nc3 d6 6. h3 Nbd7 7. Bf4 c5 8. d5 a6
9. e3 Qa5 10. a4 Ne4 11. Rc1 Nxc3 12. bxc3 Bxc3+ 13. Nd2 Nf6 14. f3 Nh5 15. Bh2
Bd7 16. Qc2 Bxd2+ 17. Qxd2 Qxd2+ 18. Kxd2 Bxa4 19. Rb1 Rfb8 20. g4 Ng7 21. e4
Bd7 22. e5 Ne8 23. exd6 exd6 24. Rb6 a5 25. Bxd6 Nxd6 26. Rxd6 Be8 27. Rb6 a4
28. Rb1 a3 29. Ra1 b5 30. cxb5 Bxb5 31. Bxb5 Rxb5 32. Rhb1 Rb4 33. Kc3 Rab8 34.
Kc2 Kf8 35. Re1 Rb2+ 36. Kc1 a2 37. Kd1 0-1

[Event "4NCL Online Division 5"]
[Site "online"]
[Date "2020.09.22"]
[Round "3.114"]
[White "White, Colin"]
[Black "Wicks, Ben"]
[Result "1-0"]
[WhiteElo "1637"]
[BlackElo "1412"]
[PlyCount "85"]
[EventDate "2020.09.22"]
[WhiteTeam "Spirit of Atticus B"]
[BlackTeam "St Albans 3"]

1. d4 d5 2. Nf3 Nf6 3. Bg5 c5 4. e3 Nc6 5. Bxf6 exf6 6. Be2 Bf5 7. O-O cxd4 8.
exd4 Bd6 9. Nbd2 O-O 10. c3 Bc7 11. Ne1 Qd6 12. Ndf3 Be4 13. g3 h5 14. Nd2 h4
15. Nxe4 dxe4 16. Ng2 g5 17. Bg4 Ne7 18. Ne3 Kg7 19. Bf5 Rh8 20. Bxe4 hxg3 21.
fxg3 Rxh2 22. Qg4 Qxg3+ 23. Qxg3 Bxg3 24. Ng4 Rh4 25. Nxf6 Rf4 26. Rxf4 Bxf4
27. Nh5+ Kh6 28. Nxf4 gxf4 29. Rf1 Kg5 30. Rf2 Re8 31. Bxb7 Nf5 32. d5 Re1+ 33.
Rf1 Re2 34. Rf2 Re1+ 35. Kh2 Ne3 36. Kh3 Rh1+ 37. Rh2 Rf1 38. d6 f3 39. d7 Nf5
40. d8=Q+ f6 41. Qg8+ Kf4 42. Qg4+ Ke3 43. Qe4# 1-0

[Event "4NCL Online Division 5"]
[Site "online"]
[Date "2020.09.22"]
[Round "3.121"]
[White "Isaacs, Ruairi"]
[Black "Milnes, Anthony C P"]
[Result "0-1"]
[WhiteElo "1465"]
[BlackElo "1960"]
[PlyCount "48"]
[EventDate "2020.09.22"]
[WhiteTeam "Streatham C"]
[BlackTeam "Maidenhead 1"]

1. c4 f5 2. Nc3 Nf6 3. g3 e6 4. Bg2 Be7 5. e3 O-O 6. Nge2 d6 7. d4 Nc6 8. O-O
Qe8 9. Bd2 Bd8 10. Qc2 e5 11. d5 Ne7 12. e4 Qh5 13. Rfe1 Ng6 14. Rac1 Ng4 15.
h3 Nf6 16. Kf1 fxe4 17. Nxe4 Bxh3 18. Nxf6+ Rxf6 19. Ng1 Bxg2+ 20. Kxg2 Be7 21.
Nf3 Qxf3+ 22. Kh3 Nf4+ 23. Bxf4 exf4 24. Kh2 Rh6+ 0-1

[Event "4NCL Online Division 5"]
[Site "online"]
[Date "2020.09.22"]
[Round "3.122"]
[White "Smith, Nigel D"]
[Black "Adatia, Amar"]
[Result "1/2-1/2"]
[WhiteElo "1960"]
[BlackElo "1375"]
[PlyCount "119"]
[EventDate "2020.09.22"]
[WhiteTeam "Maidenhead 1"]
[BlackTeam "Streatham C"]

1. d4 Nf6 2. c4 g6 3. Nc3 d5 4. Bf4 Bg7 5. Rc1 dxc4 6. e4 O-O 7. Bxc4 c6 8. f3
e6 9. Nge2 Nbd7 10. O-O Nb6 11. Bb3 Nh5 12. Be3 Nf6 13. Qd2 Bd7 14. Rfd1 Qe7
15. Nf4 Rfe8 16. Nd3 Rad8 17. a4 Na8 18. Bg5 h6 19. Bxh6 Bxh6 20. Qxh6 Nc7 21.
Qe3 b6 22. Ne5 Na6 23. Ne2 c5 24. Nxd7 Rxd7 25. Bc4 cxd4 26. Nxd4 Nc5 27. Bb5
e5 28. Nc6 Rxd1+ 29. Rxd1 Qc7 30. Nb4 Rd8 31. Nd5 Nxd5 32. exd5 a6 33. Bc6 Ne6
34. Re1 Nd4 35. Qxe5 Qxe5 36. Rxe5 Nxc6 37. dxc6 Rc8 38. c7 Rxc7 39. Re8+ Kg7
40. b4 Rc4 41. Re4 Rc1+ 42. Kf2 Ra1 43. b5 axb5 44. axb5 Rb1 45. Re5 f6 46. Rd5
Kf7 47. g4 Ke6 48. Rd8 Rxb5 49. Rg8 Kf7 50. Rc8 Rb1 51. Rc7+ Kg8 52. h4 b5 53.
Rb7 b4 54. g5 fxg5 55. hxg5 b3 56. Kg3 b2 57. Kf4 Kf8 58. Rb6 Kf7 59. Rb7+ Ke6
60. Rb8 1/2-1/2

[Event "4NCL Online Division 5"]
[Site "online"]
[Date "2020.09.22"]
[Round "3.123"]
[White "Buckman, Cyrus"]
[Black "Janota, Paul S"]
[Result "0-1"]
[WhiteElo "1188"]
[BlackElo "1855"]
[PlyCount "51"]
[EventDate "2020.09.22"]
[WhiteTeam "Streatham C"]
[BlackTeam "Maidenhead 1"]

1. d4 d5 2. c4 e6 3. Nc3 c5 4. Nf3 cxd4 5. Nxd4 e5 6. Ndb5 d4 7. Nd5 Na6 8. e3
dxe3 9. Bxe3 Nf6 10. Bg5 Be7 11. Nxe7 Qxe7 12. Nd6+ Kf8 13. Be2 Be6 14. Nb5 Rd8
15. Qc2 Nb4 16. Qc3 a6 17. a3 Nc6 18. Bxf6 gxf6 19. O-O axb5 20. cxb5 Nd4 21.
Bd3 e4 22. Bc4 Qc5 23. b3 Rg8 24. Qa5 Qd6 25. Bxe6 Nf3+ 26. Kh1 0-1

[Event "4NCL Online Division 5"]
[Site "online"]
[Date "2020.09.22"]
[Round "3.124"]
[White "Castaneda, William"]
[Black "McNeil, Eric Dylan"]
[Result "0-1"]
[WhiteElo "1727"]
[BlackElo "932"]
[PlyCount "108"]
[EventDate "2020.09.22"]
[WhiteTeam "Maidenhead 1"]
[BlackTeam "Streatham C"]

1. d4 d5 2. Nf3 Nf6 3. Bg5 e6 4. e3 h6 5. Bh4 c5 6. c3 Nc6 7. Nbd2 cxd4 8. exd4
Be7 9. Qc2 Bd7 10. Bb5 a6 11. Bxc6 bxc6 12. Ne5 c5 13. Nb3 cxd4 14. Nxd4 Ne4
15. Bxe7 Qxe7 16. O-O O-O 17. f3 Nf6 18. Rae1 Bb5 19. Rf2 Nd7 20. Nxb5 axb5 21.
Nc6 Qd6 22. Nb4 f5 23. a3 e5 24. Rd2 d4 25. Red1 e4 26. Rxd4 Qe6 27. Rxd7 exf3
28. Qf2 fxg2 29. Qxg2 g5 30. Qd5 Rae8 31. Kf2 g4 32. Qxe6+ Rxe6 33. Nd5 f4 34.
Rg1 h5 35. Re1 g3+ 36. Kf1 Rxe1+ 37. Kg2 Re2+ 38. Kg1 gxh2+ 39. Kh1 f3 40. Ne7+
Kh8 41. Ng6+ Kg8 42. Nxf8 Kxf8 43. Rd5 f2 44. Rf5+ Ke7 45. Kg2 f1=Q+ 46. Kxf1
h1=Q+ 47. Kxe2 Qe4+ 48. Kd2 Qxf5 49. Ke3 h4 50. Kd4 h3 51. c4 bxc4 52. Kxc4 h2
53. a4 h1=Q 54. b4 Qhe4+ 0-1

[Event "4NCL Online Division 5"]
[Site "online"]
[Date "2020.09.22"]
[Round "3.132"]
[White "Nokes, Oliver"]
[Black "Nandi, Asoke K"]
[Result "1-0"]
[WhiteElo "1525"]
[BlackElo "1562"]
[PlyCount "41"]
[EventDate "2020.09.22"]
[WhiteTeam "Watford 3"]
[BlackTeam "Uxbridge Bombers A"]

1. e4 e5 2. Nf3 Nc6 3. Bc4 Be7 4. O-O Nf6 5. Re1 O-O 6. c3 d6 7. h3 a6 8. d4
exd4 9. cxd4 b5 10. Bb3 Bb7 11. Bd2 Nb8 12. Nc3 Nbd7 13. e5 dxe5 14. dxe5 Ne8
15. Nd5 Bxd5 16. Bxd5 Rb8 17. Nd4 Nb6 18. Bxf7+ Rxf7 19. Nc6 Qc8 20. e6 Rxf2
21. Nxe7+ 1-0